000 00366nam a22001337a 4500
005 20140505173147.0
008 140505b xxu||||| |||| 00| 0 eng d
050 _aNA737.W7
_bB55
100 _aBlake, Peter
_910084
245 _aFrank Lloyd Wright
_cBlake, Peter
260 _aVictoria
_bPenguin Books
_c1960
300 _a138p.;
_c20cm.
942 _2lcc
_cMONOGRAPH
999 _c120464
_d120464